000 01106nam a2200217 a 4500
008 120416s1975 ||||||||||||||||| || u
020 _a058245039x
050 _aHD 31 Pri
100 _aBrech, Edward Franz Leopold
245 1 4 _aThe principles and practice of management. (3rd ed.)
_ceditedby E.F.L. Brech
250 _a3rd ed.
260 _aLondon:
_bLongman
_c1975
300 _a[xx], 1081p : ill.
350 _a0.00
500 _aBibliography: p. 1067.
650 0 _aMANAGEMENT
995 _aBINDERY (DAMAGED)
_D0.00
_e712965
_FCBU-MAIN LIBRARY (Kitwe)
_H1
_I0.00
_jHD 31 Pri
_M3
_UDAMAGED
_y003624
_ZMain Library Open Access Collection
995 _aBINDERY (DAMAGED)
_D0.00
_e702779
_FCBU-MAIN LIBRARY (Kitwe)
_H1
_I0.00
_jHD 31 Pri BRE
_M4
_UDAMAGED
_WJun 15, 2009
_y702779
_ZMain Library Open Access Collection
995 _aBINDERY (DAMAGED)
_D0.00
_e716160
_FCBU-MAIN LIBRARY (Kitwe)
_H1
_I15.00
_jHD 31 Pri
_M2
_UDAMAGED
_y003625
_ZMain Library Open Access Collection
995 _aBINDERY (DAMAGED)
_D0.00
_e712966
_FCBU-MAIN LIBRARY (Kitwe)
_H2
_I15.00
_jHD 31 Pri
_M1
_UDAMAGED
_y003623
_ZMain Library Open Access Collection
999 _c77282
_d77282